La Colmena

Uloženo v:
Podrobná bibliografie
Hlavní autor: Cela, Camilo José (Autor)
Médium: Kniha
Jazyk:španělština
Vydáno: Barcelona Bruguera 1980
Vydání:1a. ed
Edice:Club Bruguera, 7
Témata:
Tagy: Přidat tag
Žádné tagy, Buďte první, kdo vytvoří štítek k tomuto záznamu!

MARC

LEADER 00000cam a2200000 a 4500
001 UCX0586
003 CL-VaPUC
008 891115e19800000SP |||||||||||||||||spa|d
020 |a 8402067093 
082 0 4 |a 863  |b CEL  |2 21 
100 0 |a Cela, Camilo José  |e author  |9 316001 
245 1 3 |a La Colmena 
250 |a 1a. ed 
300 |a 323 p 
942 |c BK 
945 |d 19891115 00:00:00 
260 |a Barcelona  |b Bruguera  |c 1980 
650 0 |a Novelas españolas  |9 265052 
583 |a last modification  |c 20150526 03:14:39  |k Rodrigo Vera 
490 0 |a Club Bruguera, 7 
999 |c 222140  |d 222138 
952 |0 0  |1 0  |4 0  |6 863_000000000000000_CEL_1980  |7 0  |8 A  |9 216442  |a BIBEDU  |b BIBEDU  |d 2019-11-15  |i 2850656  |o 863 CEL 1980  |p 2850656  |r 2019-11-15  |w 2019-11-15  |y BK  |k LIT 
952 |0 0  |1 0  |4 0  |6 863_000000000000000_CEL_1980  |7 0  |8 A  |9 216443  |a BIBEDU  |b BIBEDU  |d 2019-11-15  |i 2850664  |o 863 CEL 1980  |p 2850664  |r 2019-11-15  |w 2019-11-15  |y BK  |k LIT 
952 |0 0  |1 0  |4 0  |6 863_000000000000000_CEL_1980  |7 0  |8 A  |9 216444  |a BIBEDU  |b BIBEDU  |d 2019-11-15  |i 3140423  |o 863 CEL 1980  |p 3140423  |r 2019-11-15  |w 2019-11-15  |y BK  |k LIT 
952 |0 0  |1 0  |4 0  |6 863_000000000000000_CEL_1980  |7 0  |8 A  |9 216445  |a BIBEDU  |b BIBEDU  |d 2019-11-15  |i 4195787  |o 863 CEL 1980  |p 4195787  |r 2019-11-15  |w 2019-11-15  |y BK  |k LIT 
952 |0 0  |1 0  |3 erd  |4 0  |6 863_000000000000000_CEL_1980  |7 0  |8 A  |9 216446  |a BIBEDU  |b BIBEDU  |e Villagrán Garnham, Jorge  |i 5176115  |o 863 CEL 1980  |p 5176115  |r 2019-11-15  |w 2019-11-15  |y BK  |z Catalogado en:20150529  |k LIT 
952 |0 0  |1 0  |3 erd  |4 0  |6 863_000000000000000_CEL_1980  |7 0  |8 A  |9 216447  |a BIBEDU  |b BIBEDU  |e Villagrán Garnham, Jorge  |i 5176433  |o 863 CEL 1980  |p 5176433  |r 2019-11-15  |w 2019-11-15  |y BK  |z Catalogado en:20150529  |k LIT